000 00852nam a2200265Ia 4500
003 OSt
005 20220925193826.0
006 a|||||r|||| 00| 0
007 ta
008 220923b |||||||| |||| 00| 0 eng d
020 _a0521482011
037 _cGeneral Book
040 _aRTL
_cRTL
_beng
041 _2eng
_aeng
082 _aW:28:(X), N5
100 _aHorn Murray J
_9249491
245 0 _aPolitical economy of public administration
_b Institutional choice in the public sector
260 _aCambridge
_bCambridge University Press
_c1995
300 _aix, 263p
_ccm.
490 _aPolitical Economy of Institutions and Decisions
500 _aBibliography: P 241-55; Appendix: P 195-212
650 _aPublic Administration
_911039
942 _hW:28:(X), N5
_cGB
_2CC
999 _c527216
_d527216